000
00275nam a2200133Ia 4500
100
_a
Chapman/ W.A.J.
490
_v
I
942
_c
BK
654
_a
Workshop
245
_a
Workshop Technology
260
_b
Edward Arnold .
_a
London
_c
1956
546
_a
ENGLISH
999
_c
19358
_d
19358